000 01618nam0a2200373 4500
001 RU\NLR\BIBL_A\016336958
005 20260406160720.0
035 _a(NLR Aleph) 016336958
090 _a13079118
_c13079118
100 _a20230407d1976 u y0rusy50 ca
101 0 _aind
_arus
102 _aRU
105 _aa z 000fy
135 _acrcn 024anaba
200 1 _aPetualangan-petualangan Pif yang baru
_dНовые приключения Пифа
_gПер. с франц. яз. Е Жуковская, М. Астрахан, рис. В. Сутеева, пер. с рус. Сарасвати
_zrus
210 _aMoskwa
_cPenerbit Progress
_d1976
215 _a18 с.
_d30 см.
325 _aКопия доступна в Электрон. б-ке РНБ
610 0 _aСказки французские
702 1 _aЖуковская
_bЕ. А.
_f1909-
_gЕвгения Аркадьевна
_4010
702 1 _aАстрахан
_bМ. Б.
_gМириам Борисовна
_4010
702 1 _4040
_8rus
_7ca
_aСутеев
_bВ. Г.
_f1903-1993
_gВладимир Григорьевич
_3RU\NLR\auth\778336
_9118246
702 1 _aSaraswati
_4730
852 _aNLR
_bОЛСАА-индонез
_j4-38
856 0 _uhttps://vivaldi.nlr.ru/bx000037735/view
856 1 _uhttps://vivaldi.nlr.ru/bx000037735/cover
856 2 _uhttps://vivaldi.nlr.ru/bx000037735/text
942 _cBOOK
980 1 _aINDZ
980 _aNB
981 2 3 _a(23) Национальные литературы
_b(23) Книги ОЛСАА